000 00677nam a2200193 a 4500
008 120416s1983 ||||||||||||||||| || u
020 _a0201104946
050 _aHD 31 Eus
100 _aEuske, Kenneth J
245 1 0 _aManagement control
246 _aplanning, control, measurement, and evaluation
260 _aLondon
_bAddison-Wesley
_c1983
300 _axvi, 136 p.
350 _a0.00
490 _aAddison-Wesley Paperback series in accounting
500 _aBibliography: p. 121-131.
650 0 _aMANAGEMENT
995 _D0.00
_FCBU-MAIN LIBRARY (Kitwe)
_H1
_I9.95
_M1
_UAVAILABLE
_ZMain Library Open Access Collection
999 _c49900
_d49900